LEADER 01104nam a2200241 i 4500 001 000000038558 003 CaOOAMICUS 005 20070403000000.0 008 070403s1979 it u000 u ita u 013 $a9150 040 $aSeMil$bita 100 1 $aRanieri, Antonio <1806-1888>.$0(OLS)http://semarc/name/11091 245 10$aSette anni di sodalizio con Giacomo Leopardi /$cAntonio Ranieri ; con un'introduzione di Giulio Cattaneo e una nota di Alberto Arbasino. 260 $aMilano :$bGarzanti,$c1979. 300 $a157 p. ;$c21 cm. 600 14$aLeopardi, Giacomo <1798-1837>.$0(OLS)http://semarc/subject/2752 700 1 $aArbasino, Alberto,$d<1930-2020>.$0(OLS)http://semarc/name/18527 700 1 $aCattaneo, Giulio,$d<1925-2010>.$0(OLS)http://semarc/name/7183 850 $aSeMil 852 $aSeMil$W1$xVenegono$y1$m1B IV 2$j4713$B4713$CSeMilBibl$Z2$F4713 $81 961 $aOmaggio: Biblioteca Seminario Seveso (fino al 1985) 996 $6245$aSette anni di sodalizio con Giacomo Leopardi$9(OLS)http://semarc/title/54466 996 $6260$aMilano :$bGarzanti$9(OLS)http://semarc/publisher/29852 LEADER 00846nam a2200229 i 4500 001 000000180939 003 CaOOAMICUS 005 20090804000000.0 008 090804s1972 it u000 u ita u 013 $a158700 040 $aSeMil$bita 100 0 $aPaulus VI,$c.$0(OLS)http://semarc/name/803 245 10$a1971 :$bgennaio-dicembre /$cPaulus 6. 300 $a599 p. 773 0 $aPaulus VI $tEncicliche e discorsi di Sua Santità Paolo 6..$dRoma : Paoline, 1963.$g22$w()21804 850 $aSeMil 852 $aSeMil$W1$xVenegono$y1$m2A IV 52$j131687$B131687$CSeMilBibl$Z2$F143572 $81 900 1 $aMontini, Giovanni Battista,$d<1897-1978>. 900 0 $aPaolo VI$c. 996 $6245$a1971 :$bgennaio-dicembre$9(OLS)http://semarc/title/259806 LEADER 00528nam a2200169 i 4500 001 000000206224 003 CaOOAMICUS 005 20110923000000.0 008 110923s1880 it u000 u ita u 013 $a184985 040 $aSeMil$bita 245 10$aVol. 2. 300 $a275 p. 773 0 $aPanizzi, Domenico$tPio 9 ..$dMilano : Libreria ambrosiana, 1880.$g2$w()25475 850 $aSeMil 852 $aSeMil$W1$xVenegono$y1$m1Q II 16 FA$j156707$B156707$CSeMilBibl$Z2$F167942 $8I 996 $6245$aVol. 2$9(OLS)http://semarc/title/13458